[Event "Bodensee op"]
[Site "Bregenz"]
[Date "2022.05.26"]
[Round "6"]
[White "Opl, Klaus1111"]
[Black "Hoellrigl, Wilfried"]
[Result "0-1"]
[WhiteElo "1833"]
[BlackElo "2213"]
[PlyCount "80"]
[EventDate "2022.05.21"]
[EventType "swiss"]
[EventRounds "9"]
[EventCountry "AUT"]
[SourceTitle "CBM 208 Extra"]
[Source "ChessBase"]
[SourceDate "2022.07.31"]
[SourceVersion "1"]
[SourceVersionDate "2022.07.31"]
[SourceQuality "1"]

1. e4 c5 2. d4 cxd4 3. c3 Nf6 4. Bd3 Nc6 5. Nf3 d6 6. h3 dxc3 7. Nxc3 g6 8. 0-0 Bg7 9. Be3 0-0 10. Qe2 h6 11. Rfd1 Qa5 12. a3 Qh5 13. Rac1 g5 14. Nd5 Nxd5 15. exd5 Ne5 16. Nxe5 Qxe2 17. Bxe2 Bxe5 18. h4 Bxb2 19. Rc2 Bf6 20. hxg5 hxg5 21. Rc7 Bf5 22. Rxb7 Rfb8 23. Ba6 Rxb7 24. Bxb7 Rb8 25. Bc6 Rb3 26. a4 a6 27. a5 Ra3 28. Bb6 Bc3 29. Rc1 Bxa5 30. Bd4 Bb4 31. Bb7 Rd3 32. Be3 Bd2 33. Bxd2 Rxd2 34. Re1 Kf8 35. Ra1 Bd3 36. Rc1 Kg7 37. Ra1 Kf6 38. Re1 Bc4 39. Re3 Bxd5 40. Bxa6 e5 0-1

[Event "Bodensee op"]
[Site "Bregenz"]
[Date "2022.05.23"]
[Round "3"]
[White "Hoellrigl, Wilfried"]
[Black "Aczel, Gergely"]
[Result "0-1"]
[WhiteElo "2213"]
[BlackElo "2519"]
[PlyCount "72"]
[EventDate "2022.05.21"]
[EventType "swiss"]
[EventRounds "9"]
[EventCountry "AUT"]
[SourceTitle "CBM 208 Extra"]
[Source "ChessBase"]
[SourceDate "2022.07.31"]
[SourceVersion "1"]
[SourceVersionDate "2022.07.31"]
[SourceQuality "1"]

1. e4 c5 2. c3 d5 3. exd5 Nf6 4. d4 Nxd5 5. Nf3 cxd4 6. Bc4 Nb6 7. Bb5+ Bd7 8. Bxd7+ Qxd7 9. Qxd4 Qxd4 10. Nxd4 e5 11. Nf3 Nc6 12. 0-0 0-0-0 13. b3 Be7 14. Ba3 Rhe8 15. Bxe7 Rxe7 16. Rc1 e4 17. Ne1 e3 18. fxe3 Rxe3 19. Nf3 Nd5 20. Kf2 Rde8 21. Re1 Rxe1 22. Nxe1 Nf4 23. Na3 g5 24. Nc4 Re2+ 25. Kf3 Re6 26. Rd1 Ne2 27. Nd6+ Kc7 28. Nb5+ Kb6 29. c4 a6 30. Na3 Nc3 31. Ra1 Nd4+ 32. Kg4 h6 33. Kh5 Nf5 34. Nd3 Ng7+ 35. Kg4 Re3 36. c5+ Kc7 0-1

[Event "AUT-chT2W 1920"]
[Site "Austria"]
[Date "2020.03.08"]
[Round "11.5"]
[White "Ljubic, Juro"]
[Black "Hoellrigl, Wilfried"]
[Result "1/2-1/2"]
[WhiteElo "2162"]
[BlackElo "2216"]
[PlyCount "108"]
[EventDate "2019.10.04"]
[EventType "team-tourn"]
[EventRounds "11"]
[EventCountry "AUT"]
[SourceTitle "EXT 2022"]
[Source "ChessBase"]
[SourceDate "2021.10.06"]
[SourceVersion "1"]
[SourceVersionDate "2021.10.06"]
[SourceQuality "1"]
[WhiteTeam "Schwarzach"]
[BlackTeam "Jenbach II"]
[WhiteTeamCountry "AUT"]
[BlackTeamCountry "AUT"]

1. e4 c5 2. Nc3 Nc6 3. g3 g6 4. Bg2 Bg7 5. d3 d6 6. Be3 e6 7. Qd2 h5 8. h3 Nge7 9. Nge2 Nd4 10. 0-0 Rb8 11. Nd1 b6 12. c3 Nxe2+ 13. Qxe2 d5 14. Bg5 f6 15. Bd2 0-0 16. Ne3 d4 17. cxd4 cxd4 18. Nc4 Nc6 19. e5 b5 20. exf6 Qxf6 21. Nd6 Bd7 22. Rac1 Rb6 23. Ne4 Qe7 24. Bg5 Qe8 25. Nc5 Rf5 26. f4 Bf6 27. Ne4 Bxg5 28. Nd6 Qe7 29. Nxf5 exf5 30. Bd5+ Kf8 31. Qg2 Nb4 32. fxg5 Qxg5 33. Rc7 Rd6 34. Bb7 Nxd3 35. Kh2 Ne5 36. Rf4 d3 37. Rc1 h4 38. Rd1 hxg3+ 39. Qxg3 Qxg3+ 40. Kxg3 g5 41. Rf2 Kg7 42. b3 Kf6 43. Rfd2 Be8 44. Rc1 Rd4 45. Bf3 f4+ 46. Kg2 Bd7 47. Bd1 Kf5 48. Bh5 Bc6+ 49. Kf2 Bd5 50. Rc5 b4 51. Ra5 f3 52. Ke3 Re4+ 53. Kf2 Rd4 54. Ke3 Re4+ 1/2-1/2

[Event "AUT-chT2W 1920"]
[Site "Austria"]
[Date "2020.03.07"]
[Round "10.5"]
[White "Hoellrigl, Wilfried"]
[Black "Mueller, Philipp"]
[Result "1/2-1/2"]
[WhiteElo "2216"]
[BlackElo "2135"]
[PlyCount "63"]
[EventDate "2019.10.04"]
[EventType "team-tourn"]
[EventRounds "11"]
[EventCountry "AUT"]
[SourceTitle "CBM 195 Extra"]
[Source "ChessBase"]
[SourceDate "2020.05.31"]
[SourceVersion "1"]
[SourceVersionDate "2020.05.31"]
[SourceQuality "1"]
[WhiteTeam "Jenbach II"]
[BlackTeam "Bernhard"]
[WhiteTeamCountry "AUT"]
[BlackTeamCountry "AUT"]

1. e4 e5 2. Nf3 Nc6 3. d4 exd4 4. Nxd4 Bc5 5. Nxc6 Qf6 6. Qd2 Qxc6 7. Bd3 Ne7 8. 0-0 0-0 9. Nc3 d6 10. Qg5 Qd7 11. e5 d5 12. Be3 Bxe3 13. Qxe3 Re8 14. Rad1 c6 15. f4 d4 16. Qe4 g6 17. Bc4 Nf5 18. e6 fxe6 19. g4 Ne3 20. Rxd4 Nd5 21. f5 exf5 22. Bxd5+ cxd5 23. Qxd5+ Qf7 24. g5 Be6 25. Qd6 Qe7 26. Qf4 Qc5 27. Rf2 Rad8 28. Rb4 Bd7 29. Ne4 fxe4 30. Qf7+ Kh8 31. Qf6+ Kg8 32. Qf7+ 1/2-1/2

[Event "Bodensee op"]
[Site "Bregenz"]
[Date "2019.05.30"]
[Round "6"]
[White "Hoellrigl, Wilfried"]
[Black "Faulhaber, Rolf"]
[Result "1-0"]
[WhiteElo "2217"]
[BlackElo "2029"]
[PlyCount "53"]
[EventDate "2019.05.25"]
[EventType "swiss"]
[EventRounds "9"]
[EventCountry "AUT"]
[SourceTitle "CBM 190 Extra"]
[Source "ChessBase"]
[SourceDate "2019.07.15"]
[SourceVersion "1"]
[SourceVersionDate "2019.07.15"]
[SourceQuality "1"]

1. e4 e6 2. d3 d5 3. Nd2 Nf6 4. Ngf3 Bc5 5. e5 Nfd7 6. d4 Be7 7. Bd3 c5 8. c3 b6 9. 0-0 Ba6 10. Bxa6 Nxa6 11. a3 c4 12. Re1 Nab8 13. b3 cxb3 14. c4 dxc4 15. Nxc4 b5 16. Nd6+ Bxd6 17. exd6 b2 18. Bxb2 Nf6 19. d5 Qxd6 20. dxe6 Qxd1 21. exf7+ Kxf7 22. Ne5+ Ke6 23. Raxd1 Re8 24. Nc4+ Kf7 25. Nd6+ Kf8 26. Nxe8 Nxe8 27. Rd8 1-0

[Event "Bodensee op"]
[Site "Bregenz"]
[Date "2019.05.28"]
[Round "4"]
[White "Hoellrigl, Wilfried"]
[Black "Doehler, Tobias"]
[Result "0-1"]
[WhiteElo "2217"]
[BlackElo "2018"]
[PlyCount "114"]
[EventDate "2019.05.25"]
[EventType "swiss"]
[EventRounds "9"]
[EventCountry "AUT"]
[SourceTitle "CBM 190 Extra"]
[Source "ChessBase"]
[SourceDate "2019.07.15"]
[SourceVersion "1"]
[SourceVersionDate "2019.07.15"]
[SourceQuality "1"]

1. e4 c5 2. c3 Nf6 3. e5 Nd5 4. Nf3 e6 5. Bc4 d6 6. d4 cxd4 7. cxd4 Nc6 8. 0-0 Be7 9. Qe2 0-0 10. Nc3 Nxc3 11. bxc3 dxe5 12. dxe5 Qc7 13. Bd3 b6 14. Qe4 g6 15. Bh6 Rd8 16. Rad1 Bb7 17. Qf4 Rd5 18. Be4 Rxd1 19. Rxd1 Rd8 20. Rxd8+ Nxd8 21. Bxb7 Nxb7 22. Ng5 Nd8 23. Ne4 Qd7 24. h3 Qd1+ 25. Kh2 Qh5 26. g4 Qh4 27. Nf6+ Bxf6 28. exf6 e5 29. Qd2 Ne6 30. Be3 Qxf6 31. Qd6 Kg7 32. Qb8 Nf4 33. c4 h5 34. Kg3 hxg4 35. hxg4 g5 36. a4 Qe6 37. f3 Qe7 38. Qa8 Qc7 39. Qe4 f6 40. a5 bxa5 41. c5 Ne6 42. Kg2 Nd8 43. Qd5 a4 44. Qc4 Qc6 45. Bc1 Ne6 46. Be3 a6 47. Qb4 Qb5 48. Qc3 Nd4 49. Bxd4 exd4 50. Qxd4 a3 51. Qd6 Qe2+ 52. Kg3 a2 53. Qd7+ Kf8 54. Qd8+ Kf7 55. Qh8 Qe1+ 56. Kg2 Qd2+ 57. Kh3 Qd3 0-1

[Event "AUT-chT2W 1819"]
[Site "Austria"]
[Date "2019.03.08"]
[Round "9.3"]
[White "Besner, Bernhard"]
[Black "Hoellrigl, Wilfried"]
[Result "1/2-1/2"]
[WhiteElo "2151"]
[BlackElo "2170"]
[PlyCount "61"]
[EventDate "2018.10.12"]
[EventType "team-tourn"]
[EventRounds "11"]
[EventCountry "AUT"]
[SourceTitle "CBM 189 Extra"]
[Source "ChessBase"]
[SourceDate "2019.06.03"]
[SourceVersion "1"]
[SourceVersionDate "2019.06.03"]
[SourceQuality "1"]
[WhiteTeam "Salzburg ASK"]
[BlackTeam "Jenbach II"]
[WhiteTeamCountry "AUT"]
[BlackTeamCountry "AUT"]

1. e4 Nf6 2. e5 Nd5 3. d4 d6 4. c4 Nb6 5. exd6 exd6 6. Nc3 Nc6 7. Be3 Be7 8. Nf3 Bg4 9. h3 Bh5 10. b3 Bf6 11. Be2 Bg6 12. Qd2 d5 13. 0-0 0-0 14. Rad1 Re8 15. Rfe1 Qd7 16. c5 Nc8 17. Bg5 Bxg5 18. Qxg5 N8e7 19. Bb5 f6 20. Qf4 a6 21. Bd3 Bxd3 22. Rxd3 Ng6 23. Qc1 Rxe1+ 24. Qxe1 Re8 25. Re3 Rxe3 26. Qxe3 Kf7 27. Ne2 Qf5 28. Kh2 h6 29. a3 a5 30. Nc3 Nf8 31. g4 1/2-1/2

[Event "Bodensee op"]
[Site "Bregenz"]
[Date "2018.05.07"]
[Round "3"]
[White "Hoellrigl, Wilfried"]
[Black "Zindel, Ernst"]
[Result "1-0"]
[WhiteElo "2174"]
[BlackElo "1892"]
[PlyCount "73"]
[EventDate "2018.05.05"]
[EventType "swiss"]
[EventRounds "9"]
[EventCountry "AUT"]
[SourceTitle "CBM 184 Extra"]
[Source "ChessBase"]
[SourceDate "2018.06.28"]
[SourceVersion "1"]
[SourceVersionDate "2018.06.28"]
[SourceQuality "1"]

1. e4 e5 2. Nf3 Nc6 3. Bb5 a6 4. Ba4 Nf6 5. 0-0 Be7 6. Qe2 b5 7. Bb3 d6 8. c3 Na5 9. Bc2 c5 10. Rd1 Nc6 11. d3 0-0 12. Nbd2 h6 13. Nf1 Re8 14. Ng3 Bf8 15. h3 Kh7 16. a4 b4 17. d4 Qc7 18. d5 Nb8 19. c4 a5 20. Nh2 g6 21. f4 Nbd7 22. f5 Bg7 23. Rf1 Rf8 24. Be3 Qd8 25. Rf2 Ng8 26. Raf1 Ndf6 27. b3 Bd7 28. h4 Rb8 29. Bd2 Qe8 30. Qd1 Ra8 31. Be3 Rb8 32. Ne2 h5 33. Bg5 gxf5 34. exf5 Kh8 35. Ng3 Ng4 36. Nxg4 hxg4 37. f6 1-0

[Event "AUT-chT2W 1718"]
[Site "Austria"]
[Date "2018.01.13"]
[Round "7.3"]
[White "Dobosz, Henryk"]
[Black "Hoellrigl, Wilfried"]
[Result "1-0"]
[WhiteElo "2378"]
[BlackElo "2204"]
[PlyCount "57"]
[EventDate "2017.10.13"]
[EventType "team-tourn"]
[EventRounds "11"]
[EventCountry "AUT"]
[SourceTitle "EXT 2019"]
[Source "ChessBase"]
[SourceDate "2018.10.10"]
[SourceVersion "1"]
[SourceVersionDate "2018.10.10"]
[SourceQuality "1"]
[WhiteTeam "Bregenz"]
[BlackTeam "Jenbach II"]
[WhiteTeamCountry "AUT"]
[BlackTeamCountry "AUT"]

1. c4 Nf6 2. Nc3 g6 3. e4 d6 4. d4 Bg7 5. h3 0-0 6. Be3 e5 7. d5 Ne8 8. g4 f5 9. gxf5 gxf5 10. exf5 Bxf5 11. Nge2 Nf6 12. Ng3 Bg6 13. h4 h5 14. Bh3 Na6 15. Rg1 Kh7 16. Bf5 Qe8 17. Nxh5 Bxf5 18. Nxg7 Qd7 19. Nxf5 Qxf5 20. Rg5 Qh3 21. Qc2+ e4 22. a3 Qh1+ 23. Kd2 Qf3 24. Rag1 Rg8 25. R1g3 Qh1 26. Bd4 Rxg5 27. hxg5 Nh5 28. Nxe4 Kg8 29. Nf6+ 1-0

[Event "AUT-chT2W 1718"]
[Site "Austria"]
[Date "2017.12.03"]
[Round "5.6"]
[White "Ager, Josef"]
[Black "Hoellrigl, Wilfried"]
[Result "0-1"]
[WhiteElo "2109"]
[BlackElo "2204"]
[PlyCount "104"]
[EventDate "2017.10.13"]
[EventType "team-tourn"]
[EventRounds "11"]
[EventCountry "AUT"]
[SourceTitle "CBM 181 Extra"]
[Source "ChessBase"]
[SourceDate "2017.12.12"]
[SourceVersion "1"]
[SourceVersionDate "2017.12.12"]
[SourceQuality "1"]
[WhiteTeam "Ranshofen"]
[BlackTeam "Jenbach II"]
[WhiteTeamCountry "AUT"]
[BlackTeamCountry "AUT"]

1. Nf3 Nf6 2. c4 g6 3. Nc3 Bg7 4. d4 d6 5. e4 0-0 6. Be2 e5 7. 0-0 Nc6 8. d5 Ne7 9. Ne1 Nd7 10. Nd3 f5 11. f3 f4 12. Bd2 g5 13. Rc1 Ng6 14. b4 Nf6 15. c5 h5 16. cxd6 cxd6 17. Nb5 Rf7 18. Qc2 Ne8 19. Nf2 Bf8 20. a4 Rg7 21. a5 Nh4 22. h3 a6 23. Na3 Nf6 24. Be1 g4 25. fxg4 hxg4 26. Nxg4 Nxg4 27. Bxg4 Bxg4 28. hxg4 Rxg4 29. Bxh4 Qxh4 30. Rf3 Re8 31. Qf2 Qh7 32. Qe2 Re7 33. Qd3 Reg7 34. Rc2 Rh4 35. Kf2 Rh2 36. Ke1 Rgxg2 37. Rxg2+ Rxg2 38. Kd1 Qh1+ 39. Rf1 Rg1 40. Rxg1+ Qxg1+ 41. Kd2 Qg2+ 42. Kc3 f3 43. Nc2 Qg3 44. Ne3 Qe1+ 45. Kb3 Bh6 46. Nf1 Qe2 47. Qc4 Qxc4+ 48. Kxc4 Bf4 49. Kd3 Kg7 50. Ne3 Bxe3 51. Kxe3 Kg6 52. Kxf3 Kh5 0-1

[Event "AUT-ch"]
[Site "St Johann im Pongau"]
[Date "2016.07.28"]
[Round "6"]
[White "Grurl, Manfred"]
[Black "Hoellrigl, Wilfried"]
[Result "1/2-1/2"]
[WhiteElo "2034"]
[BlackElo "2165"]
[PlyCount "61"]
[EventDate "2016.07.23"]
[EventType "swiss"]
[EventRounds "9"]
[EventCountry "AUT"]
[SourceTitle "CBM 173 Extra"]
[Source "ChessBase"]
[SourceDate "2016.08.29"]
[SourceVersion "1"]
[SourceVersionDate "2016.08.29"]
[SourceQuality "1"]

1. c4 g6 2. Nc3 Bg7 3. g3 d6 4. Bg2 e5 5. e4 Nc6 6. Nge2 Nge7 7. d3 0-0 8. 0-0 Nd4 9. Rb1 c6 10. Be3 Be6 11. Qd2 Qd7 12. Bh6 Bh3 13. Nxd4 exd4 14. Ne2 Bxg2 15. Kxg2 c5 16. Bxg7 Kxg7 17. Nf4 Rab8 18. b3 b5 19. Nd5 Nxd5 20. exd5 Qf5 21. Rfe1 Rfe8 22. Rxe8 Rxe8 23. Qd1 b4 24. Rb2 a5 25. Re2 Ra8 26. Re4 a4 27. g4 Qd7 28. h4 axb3 29. axb3 Re8 30. Qe2 Rxe4 31. Qxe4 1/2-1/2

[Event "AUT-ch"]
[Site "St Johann im Pongau"]
[Date "2016.07.24"]
[Round "2"]
[White "Knoll, Hermann"]
[Black "Hoellrigl, Wilfried"]
[Result "1-0"]
[WhiteElo "2341"]
[BlackElo "2165"]
[PlyCount "125"]
[EventDate "2016.07.23"]
[EventType "swiss"]
[EventRounds "9"]
[EventCountry "AUT"]
[SourceTitle "CBM 173 Extra"]
[Source "ChessBase"]
[SourceDate "2016.08.29"]
[SourceVersion "1"]
[SourceVersionDate "2016.08.29"]
[SourceQuality "1"]

1. Nf3 Nf6 2. c4 g6 3. b3 Bg7 4. Bb2 c5 5. g3 d6 6. Bg2 Nc6 7. 0-0 0-0 8. d4 cxd4 9. Nxd4 Bd7 10. Nc3 Nxd4 11. Qxd4 Bc6 12. Qd2 Bxg2 13. Kxg2 a6 14. Rfd1 Rb8 15. e4 Qc7 16. Qe2 Qc6 17. f3 b5 18. Rac1 Qb7 19. c5 dxc5 20. e5 Nd7 21. Nd5 Nb6 22. Rxc5 Rbc8 23. Nxb6 Qxb6 24. Rcd5 Qe6 25. R1d2 h5 26. Ba3 Rc7 27. Bc5 Bh6 28. f4 h4 29. b4 h3+ 30. Kg1 Rfc8 31. Qe4 Kg7 32. Kf2 a5 33. a3 axb4 34. axb4 Ra8 35. Rd8 Rxd8 36. Rxd8 Rd7 37. Rxd7 Qxd7 38. Qd4 Qe6 39. Kf3 Qb3+ 40. Qe3 Qd1+ 41. Qe2 Qd5+ 42. Kg4 Qe6+ 43. Kh4 f6 44. exf6+ Kxf6 45. Bd4+ Kf7 46. Qxb5 Qe4 47. Qc4+ Ke8 48. Kxh3 Bxf4 49. Qc8+ Kf7 50. Qg4 g5 51. gxf4 Qd3+ 52. Kg2 Qxd4 53. Qf5+ Ke8 54. fxg5 Qxb4 55. g6 Qd2+ 56. Kg3 Qe3+ 57. Kh4 Qh6+ 58. Kg4 Qc1 59. Kh5 Qd1+ 60. Kh6 Qd2+ 61. Kg7 Qc3+ 62. Kg8 Kd8 63. g7 1-0